| 000 | 01151nam a22003137a 4500 | ||
|---|---|---|---|
| 003 | CHAP | ||
| 005 | 20220329135719.0 | ||
| 008 | 971013s1969 r 00010 d | ||
| 010 | _a41020 | ||
| 011 | _a41992 | ||
| 035 | _a46119 | ||
| 040 | _cCHAP | ||
| 090 | _aFolleto 1101 | ||
| 110 |
_aFondo de Garantía y Fomento para la Agricultura, Ganadería y Avicultura. México _942107 |
||
| 245 | _aInforme al gobierno de México sobre el programa de crédito supervisado; basado en la lobor del Ing. J.M. Luján, experto de la F.A.O. | ||
| 260 |
_aMéxico, D.F. : _b(s.e.), _c1969 |
||
| 300 | _a48 p. | ||
| 590 |
_aBATCH-UPD _b10 _c20130110 _lUCH01 _h1845 |
||
| 590 |
_aBATCH-UPD _b10 _c20130410 _lUCH01 _h1215 |
||
| 590 |
_aBATCH-UPD _b10 _c20130914 _lUCH01 _h1101 |
||
| 590 |
_aCONVERSION _b10 _c20130109 _lUCH01 _h1323 |
||
| 650 | 1 | 4 |
_aCrédito agrícola _zMéxico. _929089 |
| 700 | 0 |
_aLuján, Juan Manuel. _968984 |
|
| 901 | _aBK | ||
| 942 | _cFOLL | ||
| 949 |
_aFolleto 1101 _bBC _cFOLL _d-105155 _eTS1 _i46119 _mD _si |
||
| 949 |
_aFolleto 1101 _bBC _cFOLL _d-105156 _eTS2 _fc.2 _i46119 _mD _si |
||
| 949 |
_aFolleto 1101 _bBC _cFOLL _d-105157 _eTS2 _fc.3 _i46119 _si |
||
| 999 |
_c41020 _d41020 |
||